| 000 | 00957nam a22002297a 4500 | ||
|---|---|---|---|
| 003 | BD-DhJNU | ||
| 005 | 20260127053223.0 | ||
| 008 | 260127b |||||||| |||| 00| 0 eng d | ||
| 020 | _a9789843307507 | ||
| 040 |
_aBD-DhJNU _bENG _cBD-DhJNU _dBD-DhJNU |
||
| 082 |
_223 _a371.9 HOB |
||
| 100 | _aহোসেন, শেখ আমজাদ | ||
| 242 |
_aExceptional children and special education _cSheikh Amjad Hossain |
||
| 245 |
_aব্যতিক্রমী শিশু ও বিশেষ শিক্ষা / _cড. শেখ আমজাদ হোসেন |
||
| 246 | _aBatikromi sishu o bishes shikha | ||
| 260 |
_aঢাকা : _bপ্রভাতী লাইব্রেরী, _c2023. |
||
| 300 |
_a৩০৪পৃ. : _bচিত্র; _c২২সেমি.। |
||
| 504 | _aগ্রন্থপঞ্জী সম্বলিত | ||
| 650 | _aবিশেষ শিক্ষা | ||
| 650 | _aSpecial Education | ||
| 942 |
_2ddc _cBK _n0 |
||
| 999 |
_c2572 _d2572 |
||